| 000 -LEADER |
| fixed length control field |
00376nam a2200133Ia 4500 |
| 008 - FIXED-LENGTH DATA ELEMENTS--GENERAL INFORMATION |
| fixed length control field |
200103s 1959 ||||xx |||||||||||||| ||und|| |
| 082 ## - DEWEY DECIMAL CLASSIFICATION NUMBER |
| Classification number |
621.031 |
| Item number |
SIS |
| 100 ## - MAIN ENTRY--PERSONAL NAME |
| Personal name |
Siskind, Charles S. |
| 245 #0 - TITLE STATEMENT |
| Title |
Electrical Machines : Direct and alernating current |
| 250 ## - EDITION STATEMENT |
| Edition statement |
2nd Ed. |
| 260 ## - PUBLICATION, DISTRIBUTION, ETC. (IMPRINT) |
| Name of publisher, distributor, etc |
McGraw-Hill Book Company |
| Date of publication, distribution, etc |
1959 |
| Place of publication, distribution, etc |
New York |
| 300 ## - PHYSICAL DESCRIPTION |
| Extent |
ix, 563p. |
| 942 ## - ADDED ENTRY ELEMENTS (KOHA) |
| Item type |
Books |